000
00306nam a22001457a 4500
003
SGT
020
_a
9780205292967
082
_b
HAG
100
_a
HAGAN, FRANK E.
245
_a
RESEARCH METHODS IN CRIMINAL JUSTICE
250
_a
5TH
260
_b
ALLYN & BACON
_c
2000
300
_a
528
942
_2
ddc
_c
BK
999
_c
15805
_d
15805